DC Comics Characters Real Names - Statistics

General Stats
  • This quiz has been taken 1,892 times
  • The average score is 11 of 15
Answer Stats
Hint Answer % Correct
Batman Bruce Wayne
99%
Superman Clark Kent
98%
The Flash Barry Allen
92%
Nighwing Dick Grayson
87%
Green Lantern Hal Jordan
86%
Wonderwoman Diana
85%
Green Arrow Oliver Queen
85%
Catwoman Selina Kyle
77%
Batgirl Barbara Gordon
73%
Deathstroke Slade Wilson
71%
Shazam Billy Batson
69%
Aquaman Arthur Curry
64%
Cyborg Victor Stone
54%
Martian Manhunter John Jones
44%
Deadshot Floyd Lawton
42%
No matching quizzes found
Score Distribution
Percent of People with Each Score
Percentile by Number Answered
Your Score History
You have not taken this quiz